[Event "Sparkassen-Open A"]
[Site "Heusenstamm, Martinsee"]
[Date "2024.11.21"]
[Round "1.54"]
[White "Jansen, Malte"]
[Black "Wenzel, Calvin"]
[Result "0-1"]
[WhiteElo "1863"]
[BlackElo "2058"]
[PlyCount "80"]
[EventDate "2024.11.21"]
[WhiteTeam "SJ Herborn 1998"]
[BlackTeam "SK 1980 Gernsheim"]

1. e4 e5 2. Nf3 Nc6 3. Bc4 Nf6 4. d3 h6 5. c3 d6 6. Bb3 g5 7. h3 Bg7 8. Nbd2 Nh5 9. g3 Nf6 10. Nc4 O-O 11. Ne3 Re8 12. g4 Ne7 13. O-O c6 14. Re1 Ng6 15. Qc2 a5 16. a4 Nf4 17. Kh2 Qb6 18. Nc4 Qc7 19. Bxf4 gxf4 20. d4 b5 21. Ncd2 Be6 22. dxe5 dxe5 23. Bxe6 Rxe6 24. Nb3 c5 25. c4 b4 26. Rad1 Rd6 27. Rxd6 Qxd6 28. Rd1 Qc6 29. Nbd2 Rd8 30. b3 Qd6 31. Kg2 Nh7 32. Kf1 Bf6 33. Ke2 Kg7 34. Ne1 Ng5 35. h4 Ne6 36. Ndf3 Nd4+ 37. Nxd4 exd4 38. Nf3 Qe7 39. g5 d3+ 40. Rxd3 Qxe4+ 0-1

[Event "Sparkassen-Open A"]
[Site "Heusenstamm, Martinsee"]
[Date "2024.11.21"]
[Round "1.55"]
[White "Perske, Paul"]
[Black "Mukazhanov, Mansur"]
[Result "1-0"]
[WhiteElo "2093"]
[BlackElo "1862"]
[PlyCount "77"]
[EventDate "2024.11.21"]
[WhiteTeam "Sfr.Heidesheim"]
[BlackTeam "SC Rochade Saarlouis 1993 e.V."]

1. d4 Nf6 2. c4 d6 3. Nf3 g6 4. Nc3 Bg7 5. e4 O-O 6. Be2 e5 7. Be3 exd4 8. Nxd4 Re8 9. f3 Bd7 10. O-O Nc6 11. Nc2 a6 12. Qd2 Nh5 13. g4 Nf6 14. Bg5 Ne7 15. Rad1 Bc6 16. Nd4 Nd7 17. b4 Nf8 18. b5 axb5 19. cxb5 Bd7 20. Nd5 Ne6 21. Nxe6 fxe6 22. Nxe7+ Rxe7 23. b6 Bc6 24. Bc4 cxb6 25. Bxe6+ Kh8 26. Bxe7 Qxe7 27. Qxd6 Qg5 28. f4 Qh4 29. g5 Re8 30. Rd3 Bf8 31. Qd4+ Bg7 32. Qc4 b5 33. Qb3 Bxe4 34. Rd7 Bc6 35. Rxg7 Rxe6 36. Qxe6 Kxg7 37. Rd1 Qxf4 38. Qe7+ Qf7 39. Qe5+ 1-0

[Event "Sparkassen-Open A"]
[Site "Heusenstamm, Martinsee"]
[Date "2024.11.21"]
[Round "1.56"]
[White "Sejdovic, Cemal"]
[Black "Burkhardt, Holger"]
[Result "0-1"]
[WhiteElo "1861"]
[BlackElo "2087"]
[PlyCount "36"]
[EventDate "2024.11.21"]
[WhiteTeam "SK 1959 Bischofsheim"]
[BlackTeam "SK 1858 Gießen"]

1. e4 e5 2. Nf3 Nc6 3. c3 d5 4. exd5 Qxd5 5. Be2 e4 6. Ng1 Bf5 7. b3 O-O-O 8. Bc4 Qd7 9. Ne2 Ne5 10. Ng3 Bg4 11. Be2 Nd3+ 12. Kf1 Bxe2+ 13. Nxe2 Qf5 14. f3 exf3 15. Ng3 fxg2+ 16. Kxg2 Qf2+ 17. Kh3 Nf4+ 18. Kg4 Nh6+ 0-1

[Event "Sparkassen-Open A"]
[Site "Heusenstamm, Martinsee"]
[Date "2024.11.21"]
[Round "1.57"]
[White "Villwock, Martin"]
[Black "Faßler, Felix"]
[Result "1/2-1/2"]
[WhiteElo "2075"]
[BlackElo "1857"]
[PlyCount "84"]
[EventDate "2024.11.21"]
[WhiteTeam "SF Essen-Katernberg 0"]
[BlackTeam "SC Fulda"]

1. e4 c6 2. d4 d5 3. e5 c5 4. dxc5 e6 5. a3 Bxc5 6. Qg4 Ne7 7. b4 h5 8. Qd1 Bb6 9. Nf3 a5 10. b5 Nd7 11. Bd3 Nc5 12. O-O Nxd3 13. Qxd3 Nf5 14. Nbd2 h4 15. Bb2 h3 16. g3 Qe7 17. c4 dxc4 18. Nxc4 Bc5 19. Rad1 O-O 20. Nd6 b6 21. Qe4 Ra7 22. Qg4 Rd7 23. Nxf5 exf5 24. Qh5 Qe6 25. Rxd7 Bxd7 26. a4 f4 27. Ng5 Qf5 28. gxf4 Qc2 29. e6 Bxe6 30. Nxe6 fxe6 31. Be5 Qxa4 32. Qxh3 Qxb5 33. Qxe6+ Rf7 34. Rd1 Qe2 35. Rd8+ Kh7 36. Qh3+ Kg6 37. Qg3+ Kf5 38. Qg5+ Ke6 39. f5+ Rxf5 40. Re8+ Kd7 41. Rd8+ Ke6 42. Re8+ Kd7 1/2-1/2

[Event "Sparkassen-Open A"]
[Site "Heusenstamm, Martinsee"]
[Date "2024.11.21"]
[Round "1.59"]
[White "Paeslack, Luis"]
[Black "Kirchmann, Sascha"]
[Result "1/2-1/2"]
[WhiteElo "2043"]
[BlackElo "1850"]
[PlyCount "49"]
[EventDate "2024.11.21"]
[WhiteTeam "SC Aschaffenburg e.V."]
[BlackTeam "SAbt SU Mühlheim"]

1. d4 d5 2. Nc3 Nf6 3. Bf4 Bf5 4. e3 e6 5. f3 Bd6 6. Nge2 h6 7. g4 Bg6 8. Bxd6 Qxd6 9. Nf4 Bh7 10. Bd3 Bxd3 11. Qxd3 Nc6 12. O-O-O O-O-O 13. h4 Kb8 14. g5 hxg5 15. hxg5 Nd7 16. g6 f5 17. Qd2 Nf6 18. Qd3 Nd7 19. Nb5 Qe7 20. Qa3 Qf6 21. Rdg1 Rxh1 22. Rxh1 Rg8 23. Qd3 a6 24. Na3 Ne7 25. Rg1 1/2-1/2

[Event "Sparkassen-Open A"]
[Site "Heusenstamm, Martinsee"]
[Date "2024.11.21"]
[Round "1.60"]
[White "Mehlen, Theodor"]
[Black "Henrich, Thomas"]
[Result "0-1"]
[WhiteElo "1850"]
[BlackElo "2085"]
[PlyCount "58"]
[EventDate "2024.11.21"]
[WhiteTeam "SC Matt im Park Ffm"]
[BlackTeam "SK Marburg 1931/72"]

1. e4 c5 2. Nf3 Nc6 3. d4 cxd4 4. Nxd4 e5 5. Nb5 d6 6. c4 Be6 7. N1c3 a6 8. Na3 g6 9. Nc2 Bg7 10. Be2 Nf6 11. O-O O-O 12. Be3 Rc8 13. Qd2 Nd4 14. Nxd4 exd4 15. Bxd4 Bxc4 16. Bxc4 Rxc4 17. Qd3 Rb4 18. b3 Re8 19. a3 Rxd4 20. Qxd4 Nxe4 21. Qd2 Bxc3 22. Rad1 Qb6 23. b4 Re6 24. Qc1 Bf6 25. Qc2 Bd4 26. Rde1 Bxf2+ 27. Rxf2 Qxf2+ 28. Qxf2 Nxf2 29. Kxf2 Rxe1 0-1

[Event "Sparkassen-Open A"]
[Site "Heusenstamm, Martinsee"]
[Date "2024.11.21"]
[Round "1.61"]
[White "Bardorz, Jana"]
[Black "Maul, Kilian"]
[Result "1-0"]
[WhiteElo "2083"]
[BlackElo "1849"]
[PlyCount "61"]
[EventDate "2024.11.21"]
[WhiteTeam "TSV 1869 e. V. Rottendorf"]
[BlackTeam "SV Oberursel"]

1. e4 c5 2. Nf3 d6 3. d4 cxd4 4. Nxd4 g6 5. c4 Nf6 6. Nc3 Bg7 7. Be2 Nc6 8. Be3 O-O 9. O-O Bd7 10. Nc2 a6 11. Qd2 Rc8 12. f3 Be6 13. Nd5 Nd7 14. Na3 Re8 15. Rac1 Bxd5 16. cxd5 Ncb8 17. Nc4 b5 18. Na5 Rxc1 19. Rxc1 Bxb2 20. Rc2 Ba3 21. Nb7 Qc8 22. Rxc8 Rxc8 23. Na5 Ne5 24. f4 Nc4 25. Nxc4 bxc4 26. Bd4 Nd7 27. Bg4 Rc7 28. Bxd7 Rxd7 29. Qc3 Bc5 30. Bxc5 dxc5 31. Qxc4 1-0

[Event "Sparkassen-Open A"]
[Site "Heusenstamm, Martinsee"]
[Date "2024.11.21"]
[Round "1.62"]
[White "Spelleken, Mark"]
[Black "Reschke, Thomas"]
[Result "0-1"]
[WhiteElo "1748"]
[BlackElo "2082"]
[PlyCount "62"]
[EventDate "2024.11.21"]
[WhiteTeam "SC Somborn 1933"]
[BlackTeam "SC Frankfurt-West"]

1. d4 g6 2. c4 Bg7 3. Nc3 d6 4. Bg5 h6 5. Bh4 Nc6 6. e3 g5 7. Bg3 e5 8. d5 Nce7 9. h4 Nf5 10. h5 Nxg3 11. fxg3 f5 12. e4 Nf6 13. Bd3 f4 14. gxf4 exf4 15. Nh3 Bg4 16. Be2 Qd7 17. Nf2 Bxe2 18. Qxe2 O-O-O 19. O-O-O Rde8 20. Rde1 Re7 21. Qf3 Rhe8 22. Nb5 a6 23. Nc3 Kb8 24. a3 Rf8 25. g4 fxg3 26. Qxg3 Qe8 27. Qh3 Nxh5 28. Ng4 Nf4 29. Qg3 Bxc3 30. Qxc3 Rxe4 31. Rxe4 Qxe4 0-1

[Event "Sparkassen-Open A"]
[Site "Heusenstamm, Martinsee"]
[Date "2024.11.21"]
[Round "1.63"]
[White "Steinle, Carsten"]
[Black "Raumanns, Niklas"]
[Result "1-0"]
[WhiteElo "2054"]
[BlackElo "1844"]
[PlyCount "64"]
[EventDate "2024.11.21"]
[WhiteTeam "Schachverein Ahlen 1954 e. V."]
[BlackTeam "SC Bergen-Enkheim 1922"]

1. Nf3 Nf6 2. g3 g6 3. Bg2 Bg7 4. O-O O-O 5. c4 c5 6. Nc3 Nc6 7. d4 cxd4 8. Nxd4 Qb6 9. Nb3 d6 10. Be3 Qd8 11. Rc1 Be6 12. Nd5 Ng4 13. Bd4 Nxd4 14. Nxd4 Bxd5 15. Bxd5 Qd7 16. Qd2 Rac8 17. Rfd1 Nf6 18. Bf3 a6 19. Qb4 Rc7 20. Nb3 Rfc8 21. Kg2 Qf5 22. Rd4 e5 23. e4 Qg5 24. Rdd1 Bf8 25. h4 Qh6 26. Qa4 g5 27. hxg5 Qxg5 28. Rh1 Qg6 29. Rh4 Be7 30. Nd2 d5 31. exd5 Nxd5 32. Rg4 Nf4+ 1-0

[Event "Sparkassen-Open A"]
[Site "Heusenstamm, Martinsee"]
[Date "2024.11.21"]
[Round "1.64"]
[White "Riedel, Thomas"]
[Black "Stümer, Paul"]
[Result "0-1"]
[WhiteElo "1842"]
[BlackElo "2078"]
[PlyCount "34"]
[EventDate "2024.11.21"]
[WhiteTeam "SC Einrich e.V."]
[BlackTeam "SV Bergneustadt/Dersch"]

1. e4 c5 2. Nc3 g6 3. f4 Bg7 4. Nf3 Nc6 5. Bc4 e6 6. O-O Nge7 7. Qe1 O-O 8. f5 d5 9. Ng5 Nxf5 10. Nxf7 Rxf7 11. exd5 Bd4+ 12. Kh1 Ng3+ 13. hxg3 Qg5 14. Qe4 Rxf1+ 15. Kh2 Bg1+ 16. Kh1 Qxg3 17. dxe6 Qh2# 0-1

[Event "Sparkassen-Open A"]
[Site "Heusenstamm, Martinsee"]
[Date "2024.11.21"]
[Round "1.65"]
[White "Böddeker, Henry"]
[Black "Kolker, Vladislav"]
[Result "1-0"]
[WhiteElo "2059"]
[BlackElo "1839"]
[PlyCount "39"]
[EventDate "2024.11.21"]
[WhiteTeam "SF Berlin 1903 e.V."]
[BlackTeam "SC Bad Nauheim"]

1. e4 e5 2. Nf3 Nc6 3. Nc3 f5 4. d4 exd4 5. Nxd4 Nf6 6. Bg5 d6 7. Bb5 Bd7 8. Bxc6 bxc6 9. O-O Be7 10. exf5 O-O 11. Re1 Re8 12. Qf3 d5 13. Ne6 Qc8 14. Qh3 Bxe6 15. Rxe6 Qd7 16. Rae1 Rab8 17. b3 Bb4 18. Bxf6 gxf6 19. Qg4+ Kh8 20. Qxb4 1-0

[Event "Sparkassen-Open A"]
[Site "Heusenstamm, Martinsee"]
[Date "2024.11.21"]
[Round "1.66"]
[White "Schellen, Sven"]
[Black "Berkes, Alexander"]
[Result "0-1"]
[WhiteElo "1836"]
[BlackElo "2036"]
[PlyCount "56"]
[EventDate "2024.11.21"]
[WhiteTeam "SV Frankfurt Nord 1926"]
[BlackTeam "SK Langen"]

1. Nf3 Nf6 2. d4 g6 3. c4 c5 4. Nc3 cxd4 5. Nxd4 Bg7 6. e4 d6 7. Be2 O-O 8. O-O Nc6 9. Nc2 Be6 10. Rb1 Rc8 11. Bd2 a6 12. f3 Nd7 13. Qc1 Na5 14. b3 b5 15. Nd5 Bxd5 16. cxd5 Qc7 17. Qa3 Qxc2 18. Qxa5 Bd4+ 19. Kh1 Bb6 20. Qxa6 Qxd2 21. Qxb5 Rc2 22. Rfe1 Bf2 23. Rbd1 Qe3 24. Bd3 Bxe1 25. Bxc2 Ne5 26. Qf1 Bf2 27. a4 Rc8 28. Bb1 Nxf3 0-1

[Event "Sparkassen-Open A"]
[Site "Heusenstamm, Martinsee"]
[Date "2024.11.21"]
[Round "1.67"]
[White "Zekovic, Alija"]
[Black "Ziska, Stephan"]
[Result "1-0"]
[WhiteElo "2069"]
[BlackElo "1834"]
[PlyCount "79"]
[EventDate "2024.11.21"]
[WhiteTeam "Dietzenbach"]
[BlackTeam "SF Bürstadt"]

1. e4 c5 2. Bc4 e6 3. Nc3 Nc6 4. Nf3 d6 5. d3 Nf6 6. Bg5 Be7 7. O-O h6 8. Bh4 g5 9. Bg3 e5 10. h3 g4 11. hxg4 Bxg4 12. Nd5 Nxd5 13. Bxd5 Qd7 14. c3 f5 15. exf5 Bxf5 16. Qe2 O-O-O 17. b4 Bf6 18. bxc5 dxc5 19. Bxc6 Qxc6 20. Nxe5 Qe6 21. d4 Rd5 22. Rfe1 Rg8 23. Qf3 Bxe5 24. Rxe5 Rxe5 25. Bxe5 Rg4 26. Re1 h5 27. d5 Qg6 28. d6 Qe6 29. Qe3 Qd5 30. Bg3 Re4 31. Qc1 Kd7 32. Rd1 Qxa2 33. Qg5 Qf7 34. Bh4 Re8 35. Qf4 Re4 36. Qg5 Re8 37. f3 Bc2 38. Rd5 Rg8 39. Qe7+ Qxe7 40. dxe7+ 1-0

[Event "Sparkassen-Open A"]
[Site "Heusenstamm, Martinsee"]
[Date "2024.11.21"]
[Round "1.68"]
[White "Füssel, Jan Michael"]
[Black "Dörr, Tarik"]
[Result "0-1"]
[WhiteElo "1833"]
[BlackElo "2056"]
[PlyCount "58"]
[EventDate "2024.11.21"]
[WhiteTeam "VSG 1880 Offenbach"]
[BlackTeam "SC Einrich e.V."]

1. b3 e5 2. Bb2 Nc6 3. e3 Nf6 4. Bb5 e4 5. d3 a6 6. Bxc6 dxc6 7. Ne2 Bd6 8. Nd2 exd3 9. cxd3 O-O 10. O-O Re8 11. Qc2 Bf5 12. e4 h5 13. Rac1 Bh7 14. f4 Bb4 15. Nc3 Ng4 16. Na4 b5 17. h3 bxa4 18. hxg4 axb3 19. axb3 hxg4 20. g3 Rb8 21. Rf2 Rb5 22. Nc4 Bc5 23. Kg2 Bd4 24. Ne5 Bxb2 25. Qxb2 Rbxe5 26. fxe5 Qxd3 27. Qc2 Bxe4+ 28. Kh2 Qxc2 29. Rcxc2 Bxc2 0-1

[Event "Sparkassen-Open A"]
[Site "Heusenstamm, Martinsee"]
[Date "2024.11.21"]
[Round "1.69"]
[White "Longo, Massimo"]
[Black "Falkenhainer, Sven"]
[Result "1-0"]
[WhiteElo "2058"]
[BlackElo "1830"]
[PlyCount "149"]
[EventDate "2024.11.21"]
[WhiteTeam "SK Gräfelfing"]
[BlackTeam "SC Bergen-Enkheim 1922"]

1. d4 e6 2. Nc3 d5 3. Bf4 Nf6 4. Nb5 Bd6 5. Nxd6+ cxd6 6. e3 O-O 7. Nf3 b6 8. Be2 Ba6 9. O-O Bxe2 10. Qxe2 Ne4 11. Nd2 Nxd2 12. Qxd2 Nc6 13. Bg3 Rc8 14. Rfe1 Qd7 15. Re2 Ne7 16. Qb4 Rc6 17. c3 Nf5 18. Bf4 Rc4 19. Qa3 Rd8 20. Rae1 Ra4 21. Qb3 Qc6 22. a3 Rc4 23. f3 Qa4 24. Qa2 Qb5 25. e4 dxe4 26. fxe4 Ne7 27. e5 dxe5 28. Bxe5 Ng6 29. Bg3 Qd5 30. Qb1 Rcc8 31. Qd3 Rd7 32. Qa6 Qc4 33. Qxc4 Rxc4 34. Kf2 Rd5 35. Ke3 b5 36. Kd3 Rc8 37. b3 Ra8 38. Re4 h6 39. c4 bxc4+ 40. bxc4 Ra5 41. Ra1 Rd8 42. Kc3 Ra6 43. Re2 Ne7 44. Rb2 Nc6 45. Bf2 Ra5 46. Be3 f6 47. a4 Kf7 48. Rb5 Ra6 49. Bf2 Ne7 50. Kb3 Rc6 51. Rd1 Nf5 52. d5 exd5 53. Rdxd5 Rxd5 54. Rxd5 Ne7 55. Rd7 a6 56. Kb4 Ke6 57. Rb7 g6 58. Rb6 Kd7 59. Rxc6 Kxc6 60. Bd4 f5 61. Bf6 Nc8 62. c5 Na7 63. Kc4 Nc8 64. Bg7 h5 65. Bf8 Kd7 66. Kd5 Na7 67. Ke5 Nc6+ 68. Kf6 h4 69. Bd6 Nd4 70. Kxg6 Ke6 71. Kg5 h3 72. gxh3 Nf3+ 73. Kf4 Nxh2 74. Ke3 Nf1+ 75. Ke2 1-0

[Event "Sparkassen-Open A"]
[Site "Heusenstamm, Martinsee"]
[Date "2024.11.21"]
[Round "1.70"]
[White "Mohr, Alwin"]
[Black "Surányi, Pál"]
[Result "0-1"]
[WhiteElo "1818"]
[BlackElo "2033"]
[PlyCount "40"]
[EventDate "2024.11.21"]
[WhiteTeam "SV Oberursel"]
[BlackTeam "SV 03/25 Koblenz"]

1. e4 c5 2. Nc3 d6 3. f4 g6 4. d4 cxd4 5. Qxd4 Nf6 6. e5 Nc6 7. Bb5 Nh5 8. Nf3 Bg7 9. Bd2 O-O 10. Bxc6 bxc6 11. O-O-O Bg4 12. Qf2 Qc7 13. exd6 exd6 14. h3 Bxf3 15. Qxf3 Rab8 16. g4 Nf6 17. f5 Nd5 18. b3 Qa5 19. Nxd5 Qa3+ 20. Kb1 Qb2# 0-1

[Event "Sparkassen-Open A"]
[Site "Heusenstamm, Martinsee"]
[Date "2024.11.21"]
[Round "1.71"]
[White "Piotraschke, Jens"]
[Black "Fernandez Egea, Andres"]
[Result "1-0"]
[WhiteElo "2056"]
[BlackElo "1828"]
[PlyCount "120"]
[EventDate "2024.11.21"]
[WhiteTeam "TuS Coswig 1920"]
[BlackTeam "SF Frankfurt 1921"]

1. d4 d5 2. Nf3 Nf6 3. c4 e6 4. g3 Be7 5. Bg2 O-O 6. O-O dxc4 7. Qc2 b5 8. a4 b4 9. Qxc4 a5 10. Bf4 Ra7 11. Re1 Nd5 12. Nbd2 Ba6 13. Qc2 Nxf4 14. gxf4 Nd7 15. Ne4 Bb7 16. Nc5 Nxc5 17. dxc5 Qd5 18. Rac1 b3 19. Qb1 Qe4 20. Qxe4 Bxe4 21. Nd4 Bxg2 22. Kxg2 Bf6 23. Red1 Rb7 24. Rd3 Rb4 25. Nc6 Rxa4 26. Rxb3 Ra2 27. Rc2 a4 28. Ra3 Rxb2 29. Rxb2 Bxb2 30. Rxa4 f6 31. Ra7 Rf7 32. Kf3 Rd7 33. Nb8 Rd8 34. Nc6 Rd7 35. Nb8 Rd8 36. Nc6 Rd7 37. e3 Kf8 38. h3 Ke8 39. Ra8+ Kf7 40. Ra7 Ke8 41. Ra2 Rd2 42. Ra8+ Kf7 43. Rc8 Rd7 44. Nb8 Re7 45. Ke4 Bc3 46. Kd3 Be1 47. Ke2 Bc3 48. f3 g5 49. fxg5 fxg5 50. Kd3 Be1 51. Ke4 h5 52. Nc6 Re8 53. Rxc7+ Kf6 54. Ne5 Re7 55. Rxe7 Kxe7 56. Nd3 Bc3 57. Ne5 Bb2 58. Nc6+ Kd7 59. Nd4 Ba3 60. c6+ Kc7 1-0

[Event "Sparkassen-Open A"]
[Site "Heusenstamm, Martinsee"]
[Date "2024.11.21"]
[Round "1.72"]
[White "Schulze, Fabian"]
[Black "Wachsmann, Dietmar"]
[Result "1/2-1/2"]
[WhiteElo "1828"]
[BlackElo "2014"]
[PlyCount "85"]
[EventDate "2024.11.21"]
[WhiteTeam "SC Steinbach"]
[BlackTeam "SC Groß-Umstadt"]

1. d4 d5 2. c3 c5 3. e3 e6 4. Bd3 Nc6 5. Nd2 e5 6. dxe5 Nxe5 7. Bb5+ Bd7 8. Bxd7+ Qxd7 9. Ndf3 Nc6 10. Ne2 Nf6 11. b3 g5 12. Bb2 g4 13. Nd2 O-O-O 14. Qc2 Bd6 15. O-O-O Rhe8 16. Ng3 h5 17. Qf5 Be5 18. Qxd7+ Rxd7 19. Nf5 Ne7 20. Nxe7+ Rexe7 21. a4 Kc7 22. Kc2 Kc6 23. Rhe1 Re6 24. h3 Ne8 25. hxg4 hxg4 26. e4 dxe4 27. Nxe4 Rde7 28. Nd2 Nd6 29. Ne4 Nxe4 30. Rxe4 f5 31. Re2 Bf4 32. Rxe6+ Rxe6 33. Kd3 a6 34. Bc1 Rd6+ 35. Kc2 Rxd1 36. Kxd1 Be5 37. Kc2 Kd5 38. Kd3 b5 39. axb5 axb5 40. c4+ bxc4+ 41. bxc4+ Ke6 42. Be3 Bd6 43. f3 1/2-1/2

[Event "Sparkassen-Open A"]
[Site "Heusenstamm, Martinsee"]
[Date "2024.11.21"]
[Round "1.73"]
[White "Rosenberger, Frank"]
[Black "Sasikumar Anitha, Sarvesh"]
[Result "1/2-1/2"]
[WhiteElo "2055"]
[BlackElo "1827"]
[PlyCount "49"]
[EventDate "2024.11.21"]
[WhiteTeam "SK 1980 Gernsheim"]
[BlackTeam "SK 1858 Gießen"]

1. e4 e6 2. Nf3 d5 3. Nc3 d4 4. Ne2 c5 5. d3 Nc6 6. g3 Nf6 7. b3 Be7 8. Bg2 O-O 9. O-O b5 10. a4 bxa4 11. Rxa4 a5 12. Nd2 Ba6 13. h3 Bb5 14. Ra1 a4 15. Bb2 axb3 16. Nxb3 Ba4 17. Nec1 Qb6 18. Kh2 Nb4 19. Ba3 Rfb8 20. Bxb4 cxb4 21. f4 Bxb3 22. Rxa8 Rxa8 23. Nxb3 Rc8 24. Rf2 Qc7 25. e5 1/2-1/2

[Event "Sparkassen-Open A"]
[Site "Heusenstamm, Martinsee"]
[Date "2024.11.21"]
[Round "1.74"]
[White "Griesfeller, Sven"]
[Black "Müller, Riyanna"]
[Result "1-0"]
[WhiteElo "1818"]
[BlackElo "2049"]
[PlyCount "47"]
[EventDate "2024.11.21"]
[WhiteTeam "Schachdrachen Büdingen-Wächtersb"]
[BlackTeam "SC Landskrone"]

1. e4 c6 2. d4 d5 3. f3 Qb6 4. Nc3 dxe4 5. fxe4 e5 6. dxe5 Be6 7. Bd3 Nd7 8. Nf3 O-O-O 9. Qe2 Ne7 10. Ng5 Nxe5 11. Nxe6 fxe6 12. Bc4 Nxc4 13. Qxc4 e5 14. Qe6+ Rd7 15. Qxe5 Ng6 16. Qe6 Bb4 17. Bd2 Bxc3 18. bxc3 Kc7 19. O-O-O Rhd8 20. Rhe1 Qf2 21. Rf1 Qxg2 22. Rf7 Qxh2 23. Rxd7+ Rxd7 24. Qxd7+ 1-0

[Event "Sparkassen-Open A"]
[Site "Heusenstamm, Martinsee"]
[Date "2024.11.21"]
[Round "1.75"]
[White "Schlößner, Henrik"]
[Black "Michalski, Uwe"]
[Result "1-0"]
[WhiteElo "2049"]
[BlackElo "1820"]
[PlyCount "47"]
[EventDate "2024.11.21"]
[WhiteTeam "SK Gründau"]
[BlackTeam "Sfr.Mainz 1928"]

1. e4 e5 2. Nf3 Nc6 3. Bb5 a6 4. Ba4 f5 5. d3 fxe4 6. dxe4 d6 7. h3 Be7 8. Nc3 Nf6 9. Bg5 Be6 10. Qd2 Qd7 11. O-O-O b5 12. Bxf6 Bxf6 13. Bb3 Nd4 14. Nxd4 exd4 15. Bxe6 Qxe6 16. Nd5 O-O-O 17. Qa5 Kd7 18. Qxc7+ Ke8 19. Kb1 Kf8 20. Nxf6 Qxf6 21. Rxd4 Ke8 22. Rhd1 Rd7 23. Qc6 Ke7 24. e5 1-0

[Event "Sparkassen-Open A"]
[Site "Heusenstamm, Martinsee"]
[Date "2024.11.21"]
[Round "1.76"]
[White "Faulstich, Kurt"]
[Black "Özdemir, Ali Özden"]
[Result "0-1"]
[WhiteElo "1819"]
[BlackElo "2043"]
[PlyCount "70"]
[EventDate "2024.11.21"]
[WhiteTeam "SAbt Niederräder TG"]
[BlackTeam "SK Langen"]

1. e4 c5 2. d4 cxd4 3. c3 d5 4. cxd4 dxe4 5. Nc3 Nf6 6. Bc4 Nc6 7. Nge2 a6 8. a4 e6 9. Bg5 Be7 10. O-O O-O 11. Bxf6 Bxf6 12. d5 Na5 13. Ba2 exd5 14. Bxd5 Bg4 15. h3 Bh5 16. g4 Bg6 17. Nf4 Re8 18. Nxg6 hxg6 19. Re1 Rc8 20. Rc1 Bg5 21. Rc2 e3 22. f3 Bh4 23. Ree2 Bf2+ 24. Kg2 Rc7 25. Be4 Qh4 26. Qd6 Rce7 27. Nd1 b5 28. Nxf2 exf2 29. Rxf2 Nc4 30. Rxc4 bxc4 31. Qxa6 Rc7 32. Rc2 Qe1 33. Qb5 Rd8 34. Qg5 Rcd7 35. Qc1 Rd2+ 0-1

[Event "Sparkassen-Open A"]
[Site "Heusenstamm, Martinsee"]
[Date "2024.11.21"]
[Round "1.77"]
[White "Li, Yunqi"]
[Black "Rotermund, Verena"]
[Result "1-0"]
[WhiteElo "2046"]
[BlackElo "1818"]
[PlyCount "71"]
[EventDate "2024.11.21"]
[WhiteTeam "SF 59 Kornwestheim"]
[BlackTeam "Vorw.Orient Mainz"]

1. d4 Nf6 2. Nf3 d6 3. c4 g6 4. Nc3 Bg7 5. e4 O-O 6. Be2 e5 7. O-O Nc6 8. d5 Ne7 9. Ne1 Nd7 10. Be3 f5 11. f3 f4 12. Bf2 g5 13. b4 Nf6 14. Nd3 h5 15. c5 g4 16. Rc1 Ng6 17. cxd6 cxd6 18. Nb5 Rf7 19. Qc2 g3 20. hxg3 fxg3 21. Bxg3 h4 22. Bf2 Nh5 23. Nc7 Qg5 24. Kh2 Ngf4 25. Rg1 Rb8 26. Qd2 Bh6 27. Nb5 Ng3 28. Bf1 Qh5 29. Be3 Rg7 30. Nxf4 exf4 31. Bxf4 Nxf1+ 32. Rcxf1 Qg6 33. Bxh6 Qg3+ 34. Kh1 h3 35. gxh3 Qxh3+ 36. Qh2 1-0

[Event "Sparkassen-Open A"]
[Site "Heusenstamm, Martinsee"]
[Date "2024.11.21"]
[Round "1.78"]
[White "Köhlich, Viktor"]
[Black "Heindrich, Mark"]
[Result "1/2-1/2"]
[WhiteElo "1816"]
[BlackElo "2045"]
[PlyCount "65"]
[EventDate "2024.11.21"]
[WhiteTeam "SC Matt im Park Ffm"]
[BlackTeam "SAbt TuS Dotzheim"]

1. d4 d5 2. Nf3 Bf5 3. c4 e6 4. Qb3 Nc6 5. cxd5 exd5 6. e4 dxe4 7. Bc4 Bb4+ 8. Bd2 Qe7 9. O-O O-O-O 10. Ne5 Nxd4 11. Qxb4 Qxe5 12. Bc3 Ne7 13. Qa4 Nec6 14. Na3 a6 15. Bxa6 bxa6 16. Qxa6+ Kb8 17. Nc2 Rd6 18. Rfd1 Rhd8 19. Nxd4 Nxd4 20. Qc4 Nf3+ 21. gxf3 Rxd1+ 22. Rxd1 Rxd1+ 23. Kg2 exf3+ 24. Kxf3 Rd3+ 25. Qxd3 Qc5 26. Qd8+ Kb7 27. Qd4 Qc6+ 28. Kf4 g6 29. Qb4+ Kc8 30. Qf8+ Kb7 31. Qb4+ Ka8 32. Qa5+ Kb7 33. Qb4+ 1/2-1/2

[Event "Sparkassen-Open A"]
[Site "Heusenstamm, Martinsee"]
[Date "2024.11.21"]
[Round "1.79"]
[White "Stephanblome, Felix"]
[Black "Doering, Janno"]
[Result "1-0"]
[WhiteElo "2041"]
[BlackElo "1813"]
[PlyCount "41"]
[EventDate "2024.11.21"]
[WhiteTeam "SV 1934 Ffm-Griesheim"]
[BlackTeam "SK Bingen"]

1. d4 Nf6 2. c4 e6 3. Nc3 Bb4 4. Bd2 b6 5. Nf3 Bb7 6. e3 O-O 7. Bd3 c5 8. a3 cxd4 9. axb4 dxc3 10. Bxc3 d5 11. O-O dxc4 12. Bxc4 Nbd7 13. Qe2 Qe7 14. Ra3 Nd5 15. Bxd5 Bxd5 16. Rfa1 Nb8 17. e4 Bc6 18. b5 Be8 19. Qd2 Bxb5 20. Bb4 Rd8 21. Bxe7 1-0

[Event "Sparkassen-Open A"]
[Site "Heusenstamm, Martinsee"]
[Date "2024.11.21"]
[Round "1.80"]
[White "Feick, Claas Marten"]
[Black "Mandalka, Justus"]
[Result "0-1"]
[WhiteElo "1809"]
[BlackElo "2039"]
[PlyCount "108"]
[EventDate "2024.11.21"]
[WhiteTeam "SF Neuberg"]
[BlackTeam "SK Bad Homburg 1927"]

1. e4 c5 2. Nf3 Nc6 3. d4 cxd4 4. Nxd4 g6 5. Nc3 Bg7 6. Be3 Nf6 7. Bc4 O-O 8. O-O d5 9. exd5 Na5 10. Bb3 Nxb3 11. Nxb3 b5 12. d6 exd6 13. Nxb5 Ng4 14. Bd4 Qh4 15. h3 Ne5 16. f4 Bxh3 17. fxe5 dxe5 18. Bc5 e4 19. Qe2 Bd7 20. Bf2 Qh6 21. Nc3 Be5 22. g3 Rae8 23. Be3 g5 24. Qh2 Qg6 25. Rae1 f5 26. Qg2 Bc6 27. Na5 Bxc3 28. bxc3 Ba8 29. Nb3 Rc8 30. Bd4 e3 31. Qe2 f4 32. Bc5 Rxc5 33. Nxc5 Qc6 34. Qc4+ Rf7 35. Qe4 Qxe4 36. Nxe4 Bxe4 37. gxf4 gxf4 38. Kh2 Rf6 39. Kh3 h5 40. Re2 Bf5+ 41. Kg2 Rg6+ 42. Kh2 Bg4 43. Ree1 Rf6 44. Kg2 Kg7 45. c4 Kg6 46. c5 Kg5 47. Rb1 f3+ 48. Kh2 e2 49. Rf2 Rc6 50. Rg1 Kf4 51. Re1 Ke3 52. Kg1 Rg6 53. Rh2 Bh3+ 54. Kh1 Bg2+ 0-1

[Event "Sparkassen-Open A"]
[Site "Heusenstamm, Martinsee"]
[Date "2024.11.21"]
[Round "1.81"]
[White "Capelja, Christian"]
[Black "Spelleken, Hans-Gerd"]
[Result "1-0"]
[WhiteElo "2023"]
[BlackElo "1806"]
[PlyCount "56"]
[EventDate "2024.11.21"]
[WhiteTeam "SpVgg Rommelshausen"]
[BlackTeam "SC Somborn 1933"]

1. d4 d5 2. c4 c6 3. Nf3 e6 4. Nc3 Nf6 5. Qd3 Bd6 6. e4 dxe4 7. Nxe4 Nxe4 8. Qxe4 Nd7 9. Bg5 Nf6 10. Qc2 O-O 11. Bd3 h6 12. Bh4 Bb4+ 13. Kf1 Be7 14. Rd1 Kh8 15. Bxf6 Bxf6 16. Qe2 Bd7 17. h4 g6 18. h5 Kg7 19. Qe4 Be8 20. Rh3 Rh8 21. hxg6 fxg6 22. Rg3 g5 23. Qxe6 Bxd4 24. Nxd4 Qxd4 25. Rf3 Qc5 26. Qf6+ Kg8 27. Rf5 Bh5 28. Rxc5 Bxd1 1-0

[Event "Sparkassen-Open A"]
[Site "Heusenstamm, Martinsee"]
[Date "2024.11.21"]
[Round "1.82"]
[White "Donecker, Stefan"]
[Black "Aktürk, Mustafa Deniz"]
[Result "1/2-1/2"]
[WhiteElo "1803"]
[BlackElo "1888"]
[PlyCount "41"]
[EventDate "2024.11.21"]
[WhiteTeam "SAbt TuS Dotzheim"]
[BlackTeam "Sfr.Mainz 1928"]

1. Nc3 c5 2. e4 Nc6 3. g3 e6 4. Bg2 Nge7 5. d3 g6 6. Be3 d6 7. Qd2 h6 8. Nf3 Bg7 9. d4 Qb6 10. O-O-O Qa5 11. Kb1 c4 12. d5 exd5 13. Nxd5 Qxd2 14. Bxd2 Nxd5 15. exd5 Ne7 16. Rhe1 Bg4 17. Re4 Bxf3 18. Bxf3 c3 19. Bxc3 Bxc3 20. bxc3 Kd7 21. Rb4 1/2-1/2